عرض عادي
عرض مارك
- Starr, Cecie.
مدخل إسم شخص
001 - رقم الضبط
- حقل الضبط: 38012
003 - معرف رقم الضبط
- حقل الضبط: OSt
005 - تاريخ ووقت أخر عملية
- حقل الضبط: 20131017132653.0
008 - عناصر بيانات ثابتة الطول
- حقل تحكم ثابت الطول: 131017|||a|||||| | ||| d
040 ## - مصدر الفهرسة
- هيئة الفهرسة الأصلية: OSt
- وكالة الكتابة: OSt
100 ## - مدخل -- أسم شخص
- إسم شخص: Starr, Cecie.
670 ## - بيانات المصدر موجوده
- الاستشهاد بالمصدر: Work cat.: (OSt)0: Starr, Cecie., Biology today and tomorrow with physiology /, 2012.
